logo

Bir Sreshtho Munshi Abdur Rouf Library
Jhenaidah Cadet College

আমাদের জাতীয়তার বিকােশর ধারা / (Record no. 390)

MARC details
000 -LEADER
fixed length control field 00777nam a2200241 a 4500
003 - CONTROL NUMBER IDENTIFIER
JCCL marc code BD-JhCC
005 - DATE AND TIME OF LATEST TRANSACTION
control field 20171004171211.0
008 - FIXED-LENGTH DATA ELEMENTS--GENERAL INFORMATION
fixed length control field 171004s1981 ben |||| ||a| 000 0 ben d
020 ## - INTERNATIONAL STANDARD BOOK NUMBER
International Standard Book Number 9481200023
035 ## - SYSTEM CONTROL NUMBER
system control number (BD-JhCC)
040 ## - CATALOGING SOURCE
Modifying agency BD-jhcc
Original cataloging agency BD-JhCC
041 ## - LANGUAGE CODE
Language code of Book ben
082 ## - DEWEY DECIMAL CLASSIFICATION NUMBER
Classification number 304.60954920907
Author mark and Year 1981
100 ## - MAIN ENTRY--PERSONAL NAME
Personal name রায়, অজয়
110 ## - MAIN ENTRY--CORPORATE NAME
Corporate name or jurisdiction name as entry element রায়,অজয়
245 ## - TITLE STATEMENT
Title আমাদের জাতীয়তার বিকােশর ধারা /
Statement of responsibility, etc অজয় রায়
260 ## - PUBLICATION, DISTRIBUTION, ETC. (IMPRINT)
Place of publication, distribution, etc ঢাকা:
Name of publisher, distributor, etc জাতীয় সাহিত্য প্রকাশনী,
Date of publication, distribution, etc 1981
300 ## - PHYSICAL DESCRIPTION
Pagination 88 p.:
Dimensions 22 cm.
651 ## - SUBJECT ADDED ENTRY--GEOGRAPHIC NAME
Geographic name Bangldesh
942 ## - ADDED ENTRY ELEMENTS (KOHA)
Source of classification or shelving scheme Dewey Decimal Classification
Koha item type Books

No items available.


JCC Library | Contacts | JCC Home

Last Update on 23 September 2017
Copyright @ 2017-2020 JCC Rouf Library
Rouf Library, Jhenidah Cadet College (JCC), Bangladesh